[Event "Independence Cup"]
[Site "Kyiv UKR"]
[Date "2003.08.14"]
[Round "2"]
[White "Ermolaev,A"]
[Black "Onischuk,V"]
[Result "1/2-1/2"]
[WhiteElo "2372"]
[BlackElo "2174"]

1.e4 c5 2.Nf3 d6 3.d4 cxd4 4.Nxd4 Nf6 5.Nc3 a6 6.Be3 e5 7.Nb3 Be6 8.f3 Nbd7
9.g4 Nb6 10.g5 Nfd7 11.Qd2 h6 12.O-O-O hxg5 13.Bxg5 Qc7 14.h4 Rc8 15.Bh3 Nc4
16.Qd3 Ndb6 17.Nd5 Nxd5 18.exd5 Bxh3 19.Rxh3 Be7 20.Rg1 g6 21.f4 Bxg5 22.fxg5 a5
23.h5 Qb6 24.Rf1 Rxh5 25.Rxh5 gxh5 26.Qh7 Qe3+ 27.Kb1 Kd8 28.g6 Qe2 29.Qxf7 Na3+
30.bxa3 Qxc2+ 31.Ka1 Qc3+ 32.Kb1 Qc2+ 33.Ka1 Qc3+  1/2-1/2

[Event "Independence Cup"]
[Site "Kyiv UKR"]
[Date "2003.08.17"]
[Round "5"]
[White "Kernazhitsky,L"]
[Black "Zubov,A UKR"]
[Result "0-1"]
[WhiteElo "2402"]
[BlackElo "2507"]

1.e4 c5 2.Nf3 d6 3.d4 cxd4 4.Nxd4 Nf6 5.Nc3 a6 6.Be3 Ng4 7.Bc1 Nf6 8.Be3 e6
9.f3 b5 10.Qd2 Bb7 11.a4 bxa4 12.Nxa4 Nbd7 13.Bd3 d5 14.exd5 Nxd5 15.Bf2 Bd6
16.Bg3 Be7 17.O-O O-O 18.Nb3 Rc8 19.Rfd1 Nb4 20.Bxh7+ Kxh7 21.Qxd7 Bd5 22.Qxd8 Rfxd8
23.Nb6 Rxc2 24.Nxd5 Rxd5 25.Rxd5 Nxd5 26.Be5 f6 27.Bd4 e5 28.Bf2 Rxb2 29.Na5 Rc2
30.g3 Bb4 31.Nb7 Rc7 32.Na5 f5 33.Nb3 Rc3 34.Rd1 Nf6 35.Nc1 Rxf3 36.Nd3 Bc3
37.Kg2 e4 38.Nc5 Ng4 39.Bg1 a5 40.Rd5 g6 41.Rd7+ Kh6 42.h3 Ne3+ 43.Bxe3+ Rxe3
44.Ne6 Be5 45.g4 Rg3+ 46.Kf2 Rxh3 47.g5+ Kh5 48.Rd5 Bg3+ 49.Kg2 Kg4 50.Rxa5 f4
51.Kg1 f3  0-1

[Event "Jezero Open"]
[Site "Belgrade YUG"]
[Date "2003.08.18"]
[Round "5"]
[White "Milanko,N"]
[Black "Cerovic,D"]
[Result "1/2-1/2"]
[WhiteElo "2080"]
[BlackElo "2093"]

1.e4 c5 2.Nf3 d6 3.d4 cxd4 4.Nxd4 Nf6 5.Nc3 a6 6.Be3 e5 7.Nf3 Be7 8.Bc4 O-O
9.h3 Qc7 10.Bb3 Nbd7 11.Nd2 b5 12.Qe2 Bb7 13.Rd1 b4 14.Nd5 Nxd5 15.exd5 f5
16.f4 exf4 17.Bxf4 Bh4+ 18.Kf1 Rae8 19.Qh5 Bf6 20.Kg1 Bxb2 21.Nc4 Be5 22.Nxe5 Nxe5
23.Kh2 Ng6 24.Rhf1 Nxf4 25.Rxf4 g6 26.Qh6 a5 27.h4 Qg7 28.Qg5 h6 29.Qg3 Re5
30.c3 bxc3 31.Qxc3 Re4 32.Qxg7+ Kxg7 33.Rxe4 fxe4 34.Re1 Re8 35.Kg3 Kf6 36.Kf4 e3
37.Bc4 g5+ 38.hxg5+ hxg5+ 39.Kf3 Re5 40.g4 e2 41.Kf2 Bxd5 42.Bxd5 Rxd5 43.Rxe2 Rc5
44.Rb2 Ke6 45.Kf3 Kd5 46.Rb8 Kd4 47.Rf8 d5 48.a4 Rc3+ 49.Kf2 Ra3 50.Rf5 Rxa4
51.Rxg5 Ra2+ 52.Kf3 Ra1 53.Rg8 a4 54.Ra8 Kc3 55.Kf2  1/2-1/2

[Event "It"]
[Site "Lviv UKR"]
[Date "2003.08.18"]
[Round "11"]
[White "Ustianovich,N"]
[Black "Oleksienko,M"]
[Result "1-0"]
[WhiteElo "2261"]
[BlackElo "2405"]

1.e4 c5 2.Nf3 d6 3.d4 cxd4 4.Nxd4 Nf6 5.Nc3 a6 6.Be3 e6 7.f3 b5 8.Qd2 Bb7
9.O-O-O Nbd7 10.g4 h6 11.h4 b4 12.Na4 Qa5 13.b3 d5 14.Bh3 dxe4 15.g5 hxg5
16.hxg5 Nd5 17.g6 O-O-O 18.gxf7 Rxh3 19.Rxh3 Nc5 20.fxe4 Nxa4 21.exd5 Nc3
22.a4 Bxd5 23.Nc6 Bxc6 24.Qxd8+ Qxd8 25.Rxd8+ Kxd8 26.Rh8 Ke7 27.Bc5+ Kxf7
28.Rxf8+ Kg6 29.Kb2 Nd1+ 30.Ka1 Be4 31.Kb1 Nc3+ 32.Kb2 Nd1+ 33.Kc1 Nc3 34.Kd2 Nb1+
35.Kc1 Nc3 36.Rf2 Bd5 37.Rf8 Kh5 38.Rg8 g5 39.Be7 Ne4 40.Bxb4 g4 41.Be1 Nd6
42.c4 Bf3 43.c5 Nf5 44.Bf2  1-0

[Event "ch-FRA"]
[Site "Aix les Bains FRA"]
[Date "2003.08.21"]
[Round "4"]
[White "Apicella,M"]
[Black "Guidarelli,L"]
[Result "1-0"]
[WhiteElo "2522"]
[BlackElo "2392"]

1.e4 c5 2.Nf3 d6 3.d4 cxd4 4.Nxd4 Nf6 5.Nc3 a6 6.Be3 e5 7.Nb3 Be6 8.f3 h5
9.Qd2 Nbd7 10.O-O-O Rc8 11.Kb1 Qc7 12.Bd3 Be7 13.h3 b5 14.g4 Nb6 15.Bxb6 Qxb6
16.g5 Nd7 17.Nd5 Bxd5 18.exd5 g6 19.Rhe1 Qd8 20.h4 O-O 21.Na5 Nb6 22.Nc6 Qd7
23.Be4 Rfe8 24.Qf2 Na4 25.c3 Nc5 26.Bc2 Bf8 27.Re3 Bg7 28.Rde1 Rxc6 29.dxc6 Qxc6
30.f4 e4 31.f5 d5 32.f6 Bf8 33.Rd1 a5 34.Re2 Bd6 35.Qd4 Re5 36.Bb3 Ne6 37.Qd2 Nc7
38.a3 Bc5 39.Qf4 Rf5 40.Qg3 Rf3 41.Qe5 Rf5 42.Bxd5 Nxd5 43.Qxe4 Bf8 44.Qe8 Qc5
45.Re7  1-0

[Event "Open"]
[Site "Vienna AUT"]
[Date "2003.08.22"]
[Round "7"]
[White "Vasilescu,V"]
[Black "Miniboeck,G"]
[Result "1/2-1/2"]
[WhiteElo "2176"]
[BlackElo "2334"]

1.e4 c5 2.Nf3 d6 3.d4 cxd4 4.Nxd4 Nf6 5.Nc3 a6 6.Be3 e5 7.Nb3 Be6 8.f3 Be7
9.Qd2 O-O 10.O-O-O Qc7 11.g4 Rc8 12.Kb1 d5 13.exd5 Nxd5 14.Nxd5 Bxd5 15.Qf2 Be6
16.Bd3 Nd7 17.g5 a5 18.a4 b6 19.h4 Nc5 20.Nxc5 Bxc5 21.h5 Bxe3 22.Qxe3 Bc4
23.Bf5 Rd8 24.Qe4 g6 25.Rxd8+ Rxd8 26.hxg6 fxg6 27.Bxg6 hxg6 28.Qh4 Kf8 29.Qh8+ Bg8
30.Qf6+ Ke8 31.Re1 Kd7 32.Qxg6 Kc8 33.Qf5+ Kb8 34.b3 Rd5 35.g6 Ka7 36.Kb2 Rc5
37.Rd1 Bd5 38.c4 Bc6 39.Qf7 Bxa4 40.bxa4 Rxc4 41.Rd7 Rc2+ 42.Kb1 Rc1+  1/2-1/2

[Event "European GP"]
[Site "Izmir TUR"]
[Date "2003.08.26"]
[Round "2"]
[White "Erdogdu,M"]
[Black "Hatipoglu,M"]
[Result "1-0"]
[WhiteElo "2336"]
[BlackElo "1892"]

1.e4 c5 2.Nf3 d6 3.d4 cxd4 4.Nxd4 Nf6 5.Nc3 a6 6.Be3 e6 7.f3 Nc6 8.Qd2 Be7
9.O-O-O Bd7 10.g4 Nxd4 11.Bxd4 e5 12.Be3 Be6 13.g5 Nd7 14.h4 Rc8 15.Kb1 Qa5
16.Nd5 Qxd2 17.Rxd2 Nc5 18.b4 Na4 19.c4 Bxd5 20.exd5 O-O 21.Rc2 Rfd8 22.Bh3 Rc7
23.Rd1 b6 24.Rd3 Rb8 25.Ra3 b5 26.cxb5 Rxc2 27.Kxc2 axb5 28.Bd7 f6 29.Bc6 Kf7
30.gxf6 Bxf6 31.h5 g6 32.h6 g5 33.Ba7 Rc8 34.Kb3 Kg6 35.Bxb5 Nc3 36.Bd7 Rc7
37.Bc6 e4 38.fxe4 g4 39.Be3 g3 40.Be8+  1-0

[Event "ch-FRA"]
[Site "Aix les Bains FRA"]
[Date "2003.08.29"]
[Round "11"]
[White "Sokolov,And1"]
[Black "Guidarelli,L"]
[Result "1-0"]
[WhiteElo "2554"]
[BlackElo "2392"]

1.e4 c5 2.Nf3 d6 3.d4 cxd4 4.Nxd4 Nf6 5.Nc3 a6 6.Be3 e5 7.Nb3 Be6 8.f3 Nbd7
9.Qd2 b5 10.a4 b4 11.Nd5 Bxd5 12.exd5 Nb6 13.Bxb6 Qxb6 14.a5 Qb7 15.O-O-O g6
16.g4 h5 17.g5 Nd7 18.Kb1 Bg7 19.Bh3 Rb8 20.Rhe1 O-O 21.f4 exf4 22.Re7 Rbd8
23.Qxf4 Qb5 24.Bf1 Qb8 25.Bxa6 Qa8 26.Qf1 Nc5 27.Nxc5 dxc5 28.d6 Rb8 29.d7 b3
30.cxb3 Rxb3 31.Qxf7+ Rxf7 32.d8=Q+ Rf8 33.Qxa8 Rxb2+ 34.Kc1 Rxa8 35.Rxg7+ Kxg7
36.Kxb2 Rxa6 37.Ra1 Kf7 38.Kc3 Ke6 39.Kc4 Kd6 40.Kb5 Ra8 41.a6 Rb8+ 42.Kc4 h4
43.a7 Ra8 44.Ra6+ Ke5 45.Kxc5 Kf5 46.Kb6 Kxg5 47.Ra4  1-0

[Event "Acropolis Open"]
[Site "Athens GRE"]
[Date "2003.08.29"]
[Round "5"]
[White "Dochev,D"]
[Black "Kofidis,A"]
[Result "0-1"]
[WhiteElo "2380"]
[BlackElo "2434"]

1.e4 c5 2.Nf3 d6 3.d4 cxd4 4.Nxd4 Nf6 5.Nc3 a6 6.Be3 e6 7.f3 Qc7 8.g4 Nfd7
9.Qd2 Nc6 10.O-O-O Nde5 11.Qf2 b5 12.Rg1 Rb8 13.f4 Nc4 14.Bxc4 bxc4 15.Nxc6 Qxc6
16.f5 Qb7 17.b3 Qb4 18.Bd4 Qa3+ 19.Kb1 a5 20.fxe6 fxe6 21.Rgf1 Rb7 22.Ka1 e5
23.Bb6 Be6 24.Nd5 c3 25.Nxc3 Qb4 26.Na4 Be7 27.c4 Rf8 28.Qe3 Rxf1 29.Rxf1 Bxc4
30.Rc1 Be6 31.Bc7 Qa3 32.Qc3 Rxb3 33.Qc6+ Kf7 34.Rf1+ Bf6 35.Bxd6 Rb4 36.Qc2 Qxa4
37.Qxa4 Rxa4 38.g5 Rxe4  0-1

[Event "Open"]
[Site "Sharjah UAE"]
[Date "2003.08.29"]
[Round "3"]
[White "Gagunashvili,M"]
[Black "Molina,T"]
[Result "1-0"]
[WhiteElo "2577"]
[BlackElo "2264"]

1.e4 c5 2.Nf3 d6 3.d4 cxd4 4.Nxd4 Nf6 5.Nc3 a6 6.Be3 Ng4 7.Bc1 Nc6 8.Be2 Nxd4
9.Qxd4 e5 10.Qd3 Qh4 11.Bxg4 Qxg4 12.O-O Be6 13.f4 Rc8 14.h3 Qh4 15.Nd5 Qd8
16.Be3 Be7 17.Nb6 exf4 18.Nxc8 Qxc8 19.Rxf4 O-O 20.b3 Qc6 21.c4 b5 22.cxb5 axb5
23.Rc1 Qa8 24.Rf2 b4 25.Rc7 Bh4 26.Rfc2 Bf6 27.Bd4 Be5 28.Bxe5 dxe5 29.R7c6 Qa7+
30.Kh2 Qe7 31.Rd2 Qg5 32.Rd6 Qf4+ 33.g3 Qh6 34.h4 Qh5 35.Rd8 g6 36.Rxf8+ Kxf8
37.Qd8+ Kg7 38.Qg5 Qxg5 39.hxg5 h6 40.gxh6+ Kxh6 41.Rd6 Bg4 42.Rb6  1-0

[Event "V Open"]
[Site "Sants ESP"]
[Date "2003.08.30"]
[Round "10"]
[White "Llaneza Vega,M"]
[Black "Sprenger,J"]
[Result "1-0"]
[WhiteElo "2247"]
[BlackElo "2492"]

1.e4 c5 2.Nf3 d6 3.d4 cxd4 4.Nxd4 Nf6 5.Nc3 a6 6.Be3 e5 7.Nb3 Be6 8.Qd2 Be7
9.f3 O-O 10.O-O-O Nbd7 11.g4 b5 12.g5 b4 13.Ne2 Ne8 14.Ng3 a5 15.Kb1 a4 16.Nc1 Nb6
17.Nf5 Bxf5 18.exf5 d5 19.f6 gxf6 20.gxf6 Nxf6 21.Bh6 Kh8 22.Bxf8 Qxf8 23.Qe3 Nfd7
24.Bb5 d4 25.Qe4 f5 26.Qc6 Ra5 27.Rhg1 Qf6 28.Bc4 Nxc4 29.Qxc4 Ra8 30.Nd3 Rb8
31.Rde1 Qd6 32.Rg2 Rf8 33.f4 e4 34.Reg1 Nf6 35.Ne5 Ng4 36.h3 Nh6 37.Rg8+ Nxg8
38.Qxg8+  1-0

[Event "1st League TCh-SCG"]
[Site "Budva SCG"]
[Date "2003.08.31"]
[Round "3"]
[White "Hracek,Z"]
[Black "Marjanovic,Slavo"]
[Result "1-0"]
[WhiteElo "2584"]
[BlackElo "2511"]

1.e4 c5 2.Nf3 d6 3.d4 cxd4 4.Nxd4 Nf6 5.Nc3 a6 6.Be3 e5 7.Nb3 Be6 8.f3 Nbd7
9.g4 h6 10.Qd2 Be7 11.O-O-O b5 12.h4 Nb6 13.Qf2 Nfd7 14.Kb1 Qc7 15.Nd5 Bxd5
16.exd5 Nc4 17.Bc1 a5 18.Bd3 Ndb6 19.Nd2 a4 20.a3 O-O 21.c3 Nxd5 22.Nxc4 bxc4
23.Be4 Nxc3+ 24.bxc3 Ra5 25.Rd5 Rb8+ 26.Kc2 Rxd5 27.Bxd5 Qa5 28.Qd2 Qb5 29.Kd1 Qc5
30.Ke2 Rb5 31.Rd1 Bxh4 32.Qe3 Qc7 33.Qe4 Qb6 34.Qxc4 Kf8 35.Be3 Rb2+ 36.Rd2 Rxd2+
37.Bxd2 Bg5 38.Bxg5 hxg5 39.Qc8+ Ke7 40.Qb7+  1-0

[Event "European GP"]
[Site "Izmir TUR"]
[Date "2003.08.31"]
[Round "6"]
[White "Erdogdu,M"]
[Black "Jojua,D"]
[Result "1-0"]
[WhiteElo "2336"]
[BlackElo "2243"]

1.e4 c5 2.Nf3 d6 3.d4 cxd4 4.Nxd4 Nf6 5.Nc3 a6 6.Be3 e6 7.f3 Nbd7 8.g4 h6
9.Qd2 b5 10.O-O-O Bb7 11.h4 Ne5 12.a3 Nfd7 13.Kb1 Nb6 14.Qe1 Rc8 15.Bh3 g5
16.f4 gxf4 17.Bxf4 Nbc4 18.g5 Qc7 19.Nde2 hxg5 20.hxg5 Bg7 21.Bg2 Rxh1 22.Bxh1 Ng6
23.Bc1 Qc5 24.Rd3 Ke7 25.Ka2 a5 26.Qd1 b4 27.Na4 Qc7 28.Nd4 Nge5 29.Rh3 bxa3
30.b3 Nb2 31.Nxb2 axb2 32.Bxb2 a4 33.Rh7 axb3+ 34.cxb3 Qa5+ 35.Kb1 Kf8 36.Nxe6+ fxe6
37.Qxd6+ Kg8 38.Rxg7+ Kxg7 39.Bxe5+ Kf7 40.Qd7+ Kf8 41.Bd6+ Kg8 42.Qxe6+ Kh7
43.g6+ Kh6 44.Bf4+ Kg7 45.Qf7+  1-0

[Event "22nd NAO"]
[Site "Oklahoma USA"]
[Date "2003.08.31"]
[Round "7"]
[White "Ellis,J"]
[Black "Langer,M"]
[Result "0-1"]
[WhiteElo "2150"]
[BlackElo "2267"]

1.e4 c5 2.Nf3 d6 3.d4 cxd4 4.Nxd4 Nf6 5.Nc3 a6 6.Be3 e5 7.Nb3 Be6 8.f3 Be7
9.Qd2 O-O 10.g4 d5 11.Nxd5 Bxd5 12.exd5 Nxd5 13.Bc4 Nxe3 14.Qxe3 Bh4+ 15.Kf1 Nc6
16.Qe4 Qb6 17.Kg2 Ne7 18.Rhg1 Ng6 19.Kh1 Nf4 20.g5 Rad8 21.Raf1 g6 22.Rg4 Nh3  0-1

[Event "TCh-CHN"]
[Site "Tianjing CHN"]
[Date "2003.08.31"]
[Round "1"]
[White "Hong Jiarong"]
[Black "Lin Weiguo"]
[Result "1-0"]
[WhiteElo "2213"]
[BlackElo "2464"]

1.e4 c5 2.Nf3 d6 3.d4 cxd4 4.Nxd4 Nf6 5.Nc3 a6 6.Be3 e5 7.Nb3 Be7 8.f3 Be6
9.Qd2 b5 10.Nd5 Bxd5 11.exd5 O-O 12.a4 bxa4 13.Rxa4 e4 14.Be2 Qd7 15.Rc4 Rc8
16.Rxc8+ Qxc8 17.O-O Nbd7 18.Na5 Ne5 19.f4 Neg4 20.Nc6 Bf8 21.Bxg4 Nxg4 22.Bd4 Qf5
23.h3 Nf6 24.Bxf6 Qxf6 25.Qd4 Qxd4+ 26.Nxd4 g6 27.Nc6 a5 28.Ra1 Bg7 29.c3 a4
30.Kf2 Kf8 31.Ra3 Ke8 32.Ke3 f5 33.Kd2 Bh6 34.g3 g5 35.Nd4 Ra5 36.c4 Bg7
37.Nxf5 Bxb2 38.Ra2 a3 39.Nxd6+ Kd7 40.Nxe4 gxf4 41.gxf4 Ra8 42.Nc5+ Kd6
43.Nd3 Ra4 44.Rxb2 axb2 45.Nxb2 Ra1 46.Nd3 Rh1 47.Nf2 Rf1 48.Ke3 h5 49.Ne4+ Ke7
50.c5 Ra1 51.Ng5 h4 52.Ke4 Re1+ 53.Kd4 Kf6 54.c6 Rd1+ 55.Kc4 Ke7 56.Ne4 Rf1
57.d6+ Kd8 58.c7+ Kd7 59.Nf6+ Kc8 60.Nd5  1-0

[Event "European GP"]
[Site "Izmir TUR"]
[Date "2003.09.01"]
[Round "7"]
[White "Aroshidze,L"]
[Black "Keler,F"]
[Result "1-0"]
[WhiteElo "2393"]
[BlackElo "2189"]

1.e4 c5 2.Nf3 d6 3.d4 cxd4 4.Nxd4 Nf6 5.Nc3 a6 6.Be3 e5 7.Nb3 Be6 8.f3 Nc6
9.Nd5 Bxd5 10.exd5 Ne7 11.c4 Nf5 12.Bf2 h5 13.Bd3 g6 14.Bxf5 gxf5 15.Qd3 Qd7
16.O-O-O a5 17.Na1 Rb8 18.Bb6 Qa4 19.Kb1 Qb4 20.c5 e4 21.fxe4 Kd7 22.Nc2  1-0

[Event "VII Pablo Gorbea"]
[Site "Madrid ESP"]
[Date "2003.09.02"]
[Round "2"]
[White "Morales,Jo"]
[Black "Fidalgo Fernandez,J"]
[Result "1-0"]
[WhiteElo "2329"]
[BlackElo "2051"]

1.e4 c5 2.Nf3 d6 3.d4 cxd4 4.Nxd4 Nf6 5.Nc3 a6 6.Be3 e5 7.Nb3 Be6 8.f4 Nc6
9.f5 Bxb3 10.axb3 h6 11.Bc4 Rc8 12.O-O Qc7 13.Nd5 Nxd5 14.Bxd5 Be7 15.c3 Bf6
16.Qh5 Qe7 17.Kh1 Rc7 18.b4 Bg5 19.b5 Bxe3 20.bxc6 bxc6 21.Rxa6 O-O 22.Bxc6 Rb8
23.Bd5 Bf4 24.g3 Bd2 25.Rd1 Rxb2 26.Ra8+ Qf8 27.Rxf8+ Kxf8 28.Ra1  1-0

[Event "ch-LIB"]
[Site "Beruit LIB"]
[Date "2003.09.03"]
[Round "5"]
[White "Kassis,A"]
[Black "Mouradian,K"]
[Result "1/2-1/2"]
[WhiteElo "2206"]
[BlackElo "2080"]

1.e4 c5 2.Nf3 d6 3.d4 cxd4 4.Nxd4 Nf6 5.Nc3 a6 6.Be3 Ng4 7.Bc1 Nf6 8.Bg5 e6
9.f4 Be7 10.Qf3 Qc7 11.O-O-O Nbd7 12.g4 b5 13.Bxf6 Nxf6 14.g5 Nd7 15.f5 Bxg5+
16.Kb1 Ne5 17.Qh5 Qd8 18.fxe6 O-O 19.h4 Bf6 20.Bh3 fxe6 21.Bxe6+ Kh8 22.Nd5 Nc4
23.Nc6 Qe8 24.Qxe8 Rxe8 25.Bf7 Rf8 26.Nxf6 Rxf7 27.Nd5 Bg4 28.Rd4 Raf8 29.a3 Rf2
30.Nc3 Re2 31.Nb4 Rff2 32.Rc1 Rd2 33.Rxd2 Nxd2+ 34.Ka1  1/2-1/2

[Event "1st League TCh-SCG"]
[Site "Budva SCG"]
[Date "2003.09.03"]
[Round "6"]
[White "Popadic,Dr"]
[Black "Antic,D"]
[Result "0-1"]
[WhiteElo "2261"]
[BlackElo "2466"]

1.e4 c5 2.Nf3 d6 3.d4 cxd4 4.Nxd4 Nf6 5.Nc3 a6 6.Be3 e6 7.Qd2 Be7 8.f3 O-O
9.g4 Nc6 10.O-O-O Nxd4 11.Bxd4 b5 12.Kb1 Nd7 13.h4 Bb7 14.Rg1 Qc7 15.Bd3 b4
16.Ne2 a5 17.Ng3 Ne5 18.Qe3 Rfc8 19.Rc1 Nc4 20.Bxc4 Qxc4 21.Bxg7 Kxg7 22.Nh5+ Kh8
23.c3 Qc5 24.Qh6 Qe5 25.cxb4 axb4 26.Rge1 Bf8 27.Qd2 Qa5 28.b3 Rc3 29.e5 Rxb3+
30.axb3 Qa1+ 31.Kc2 Ra2+ 32.Kd3 Rxd2+ 33.Kxd2 Qd4+  0-1

[Event "European GP"]
[Site "Izmir TUR"]
[Date "2003.09.03"]
[Round "9"]
[White "Spasov,V"]
[Black "Gogochuri,L"]
[Result "1-0"]
[WhiteElo "2556"]
[BlackElo "2155"]

1.e4 c5 2.Nf3 d6 3.d4 cxd4 4.Nxd4 Nf6 5.Nc3 a6 6.Be3 e6 7.g4 h6 8.Bg2 e5
9.Nf5 g6 10.Qe2 gxf5 11.exf5 Nc6 12.O-O-O Qa5 13.f4 Bd7 14.g5 hxg5 15.fxg5 O-O-O
16.gxf6 Bxf5 17.Qf2 Be6 18.Bb6 Qb4 19.a3 Bh6+ 20.Kb1 Qf4 21.Qxf4 Bxf4 22.Bxd8 Rxd8
23.h4 Nd4 24.Nd5 Bh6 25.Be4 Kd7 26.Rhe1 b5 27.h5 Rh8 28.Rg1 Ne2 29.Rg7 Nf4
30.Nxf4 Bxf4 31.Rh7 Rf8 32.h6 Bg5 33.Rg1 Bxf6 34.Rhg7 d5 35.h7 dxe4 36.Rg8 Ke7
37.Kc1 e3 38.Kd1 Bf5 39.Rf1 Bxh7 40.Rxf8 Kxf8 41.Rxf6 e2+ 42.Kxe2 Bxc2 43.Rxa6 Ke7
44.Rb6 e4 45.Ke3 Bd3 46.Kf4 Kd7 47.b3 Ke7 48.Rc6 Kd7 49.Rc5 Kd6 50.b4 Kd7
51.Ke5 Ke7 52.Rc7+ Kf8 53.Kf6 Kg8 54.Rxf7 e3 55.Rg7+ Kh8 56.Rg1 e2 57.Ke5 Kh7
58.Kd4 Bc2 59.Kc5 Bd3 60.Re1 Kg6 61.Kd4 Bc4 62.a4  1-0

[Event "Polish Extraleague"]
[Site "Lubniewice POL"]
[Date "2003.09.03"]
[Round "5"]
[White "Socko,B"]
[Black "Szelag,M"]
[Result "1/2-1/2"]
[WhiteElo "2551"]
[BlackElo "2375"]

1.e4 c5 2.Nf3 d6 3.d4 cxd4 4.Nxd4 Nf6 5.Nc3 a6 6.Be3 e5 7.Nb3 Be6 8.f4 exf4
9.Bxf4 Nc6 10.Qe2 Be7 11.h3 Ne5 12.O-O-O Nfd7 13.Kb1 Rc8 14.Nd5 Bxd5 15.exd5 O-O
16.Qf2 Re8 17.Bd3 Bg5 18.Rhf1 Nxd3 19.Rxd3 Bxf4 20.Qxf4 Qf6 21.Qc1 Qg6 22.Rd2 Nf6
23.Qd1  1/2-1/2

[Event "V Open"]
[Site "Sants ESP"]
[Date "2003.09.04"]
[Round "6"]
[White "Gonzalez,Y"]
[Black "Panelo,M"]
[Result "1/2-1/2"]
[WhiteElo "2469"]
[BlackElo "2335"]

1.e4 c5 2.Nf3 d6 3.d4 cxd4 4.Nxd4 Nf6 5.Nc3 a6 6.Be3 e5 7.Nb3 Be6 8.f3 Be7
9.Qd2 O-O 10.O-O-O Qc7 11.g4 Rc8 12.g5 Nh5 13.Kb1 Nd7 14.Nd5 Bxd5 15.exd5 Nb6
16.Rg1 Nc4 17.Bxc4 Qxc4 18.Rg4 Qc7 19.Na5 Bd8 20.Nc4 Qd7 21.Nb6 Bxb6 22.Bxb6 g6
23.h4 Rf8 24.Qd3 Rac8 25.c4 f6 26.c5 Nf4 27.Qc4 dxc5 28.d6+ Rf7 29.Rdg1 Rc6
30.Bc7 Ne6 31.gxf6 Nxc7 32.dxc7 Qxc7 33.h5 Rxf6 34.hxg6 Rxg6 35.Rxg6+ hxg6
36.Qe6 Kg7 37.Rxg6+  1/2-1/2

[Event "TCh-CHN Women"]
[Site "Tianjing CHN"]
[Date "2003.09.04"]
[Round "5"]
[White "Gu Xiaobing"]
[Black "Xu Yuhua"]
[Result "1/2-1/2"]
[WhiteElo "2346"]
[BlackElo "2475"]

1.e4 c5 2.Nf3 d6 3.d4 cxd4 4.Nxd4 Nf6 5.Nc3 a6 6.Be3 e6 7.Be2 Be7 8.O-O O-O
9.a4 Nc6 10.f4 Qc7 11.Bf3 Bd7 12.Nb3 b6 13.g4 Bc8 14.g5 Nd7 15.Bg2 Re8 16.Qh5 g6
17.Qh4 Nb4 18.Nd4 e5 19.fxe5 Nxe5 20.Nf3 Ng4 21.Bd4 h5 22.h3 Ne5 23.Nxe5 dxe5
24.Qf2 Bxg5 25.Bxb6 Qb7 26.Rad1 Nxc2 27.Nd5 Be6 28.Nc7 Qxb6 29.Qxb6 Be3+
30.Qxe3 Nxe3 31.Nxe8 Rxe8 32.Rd6 Nxf1 33.Bxf1 Rb8 34.Rxa6 Rxb2 35.a5 Ra2
36.Ra8+ Kg7 37.a6 h4 38.Rb8 g5 39.Rb7 g4 40.hxg4 Kg6 41.a7 Kg5 42.Bb5 Kf4
43.Rc7 Kg3 44.Rc3+ Kxg4 45.Rc7 Kg3 46.Rc3+ Kf4 47.Rc7 Kg3 48.Rc3+  1/2-1/2

[Event "1st League TCh-SCG"]
[Site "Budva SCG"]
[Date "2003.09.05"]
[Round "7"]
[White "Goloshchapov,A"]
[Black "Neverov,V"]
[Result "1/2-1/2"]
[WhiteElo "2574"]
[BlackElo "2566"]

1.e4 c5 2.Nf3 d6 3.d4 cxd4 4.Nxd4 Nf6 5.Nc3 a6 6.Be3 e5 7.Nb3 Be6 8.f3 Nbd7
9.g4 Be7 10.Qd2 b5 11.a4 b4 12.Nd5 Bxd5 13.exd5 Nb6 14.a5 Nbxd5 15.g5 Nxe3
16.gxf6 Bxf6 17.Qxe3 Bh4+ 18.Kd1 O-O 19.Ra4 Bg5 20.Qe4 d5 21.Qxb4 Rb8 22.Qe1 Qf6
23.Rg1 Rfc8 24.Rxg5 Qxg5 25.Bxa6 Rc6 26.Rb4 Rxb4 27.Qxb4 Qg1+ 28.Kd2 Qxh2+
29.Be2 h5 30.Qa4  1/2-1/2

[Event "Polish Extraleague"]
[Site "Lubniewice POL"]
[Date "2003.09.06"]
[Round "8"]
[White "Zawadzki,S"]
[Black "Mikrut,D"]
[Result "1-0"]
[WhiteElo "2411"]
[BlackElo "2390"]

1.e4 c5 2.Nf3 d6 3.d4 cxd4 4.Nxd4 Nf6 5.Nc3 a6 6.Be3 e6 7.Be2 Be7 8.f4 Nc6
9.Qd2 O-O 10.O-O-O Nxd4 11.Bxd4 Nd7 12.Be3 b5 13.Bf3 Bb7 14.Kb1 Qc7 15.e5 d5
16.h4 Rfc8 17.Ne2 Nc5 18.Nd4 Na4 19.f5 exf5 20.Bf4 Qd7 21.g4 b4 22.gxf5 Rc4
23.Rhg1 Rxd4 24.Qxd4 Bc5 25.e6 Bxd4 26.exd7 Bxg1 27.Re1 Bc6 28.Bxd5 Bxd7
29.Bxa8 Bf2 30.Rd1 Nc5 31.Bc6  1-0

[Event "V Open"]
[Site "Sants ESP"]
[Date "2003.09.06"]
[Round "8"]
[White "Barrientos,S"]
[Black "Antal,Ge"]
[Result "1-0"]
[WhiteElo "2245"]
[BlackElo "2475"]

1.e4 c5 2.Nf3 d6 3.d4 cxd4 4.Nxd4 Nf6 5.Nc3 a6 6.Be3 e6 7.g4 Be7 8.g5 Nfd7
9.Rg1 Nc6 10.h4 O-O 11.h5 Nxd4 12.Bxd4 b5 13.a3 Rb8 14.Qg4 Ne5 15.Qg3 b4
16.axb4 Nc6 17.Bf6 Bxf6 18.gxf6 Qxf6 19.Qxd6 Nxb4 20.O-O-O Rb7 21.Qd4 e5
22.Qe3 Be6 23.h6 g6 24.Rd6 Nxc2 25.Qg5 Qxg5+ 26.Rxg5 Nb4 27.Rxe5 Rfb8 28.Rc5 Kf8
29.Bc4 Rb6 30.Rxb6 Rxb6 31.Kd2 Bxc4 32.Rxc4 g5 33.Rc8+ Ke7 34.Rg8 Rxh6 35.Rxg5 Rh1
36.Rg3 Kf8  1-0

[Event "Polish Extraleague"]
[Site "Lubniewice POL"]
[Date "2003.09.07"]
[Round "9"]
[White "Jedryczka,K"]
[Black "Michalski,O"]
[Result "1/2-1/2"]
[WhiteElo "2354"]
[BlackElo "2295"]

1.e4 c5 2.Nf3 d6 3.d4 cxd4 4.Nxd4 Nf6 5.Nc3 a6 6.Be3 e5 7.Nb3 Be6 8.Qd2 Nbd7
9.f3 b5 10.a4 b4 11.Nd5 Bxd5 12.exd5 Nb6 13.Bxb6 Qxb6 14.a5 Qb7 15.Bc4 Be7
16.Nc1 O-O 17.b3 e4 18.Ra4 exf3 19.gxf3 Rab8 20.Na2 Nd7 21.Rxb4 Qa7 22.Rxb8 Rxb8
23.Kd1 Ne5 24.Be2 Qf2 25.Rf1 Qxh2 26.Nb4 Ra8 27.Nxa6 Nd7 28.Nc7 Rc8 29.Nb5 Nc5
30.Na7 Ra8 31.Nc6 Bf6 32.Bb5 Qh5 33.b4 Ne4 34.Qd3 Nc3+ 35.Kc1 Na2+ 36.Kd2 Qg5+
37.f4 Qg2+ 38.Kd1 Nc3+ 39.Kc1 Na2+ 40.Kd1 Nc3+ 41.Kc1 Na2+ 42.Kd1 Nc3+  1/2-1/2

[Event "56th ch-RUS"]
[Site "Krasnoyarsk RUS"]
[Date "2003.09.09"]
[Round "6"]
[White "Dolmatov,S"]
[Black "Rashkovsky,N"]
[Result "1-0"]
[WhiteElo "2605"]
[BlackElo "2510"]

1.e4 c5 2.Nf3 d6 3.d4 cxd4 4.Nxd4 Nf6 5.Nc3 a6 6.Be3 e5 7.Nb3 Be7 8.f3 Be6
9.Qd2 Nbd7 10.g4 O-O 11.O-O-O Qc7 12.Kb1 b5 13.g5 Nh5 14.Nd5 Bxd5 15.exd5 f5
16.gxf6 Rxf6 17.Na5 Nf4 18.c4 bxc4 19.Bxc4 Nf8 20.Bb3 N8g6 21.Bc2 Nh4 22.Be4 Qd7
23.Nc6 Bf8 24.Qf2 Nf5 25.Bd2 g6 26.Qb6 Bg7 27.Rc1 Rf7 28.Rc4 Ne2 29.Ra4 Qc8
30.Qf2 Ned4 31.Rc1 Qf8 32.Qf1 Bh6 33.Bxh6 Qxh6 34.Rxa6 Raf8 35.Qf2 Qf4 36.Ra3 Nb5
37.Rd3 Nfd4 38.Qg2 Nf5 39.Qd2 Qh4 40.a4 Nbd4 41.Ra3 Rb7 42.Ka2 Ra8 43.Rc4 Qh3
44.Qf2  1-0

[Event "FSIM September"]
[Site "Budapest HUN"]
[Date "2003.09.10"]
[Round "5"]
[White "Madl,I"]
[Black "Gerard,N"]
[Result "1-0"]
[WhiteElo "2361"]
[BlackElo "2285"]

1.e4 c5 2.Nf3 d6 3.d4 cxd4 4.Nxd4 Nf6 5.Nc3 a6 6.Be3 e5 7.Nb3 Be6 8.Qd2 Nbd7
9.f3 h5 10.Nd5 Nxd5 11.exd5 Bf5 12.Na5 Qc7 13.c4 b6 14.Nc6 Nb8 15.Nxb8 Rxb8
16.Be2 g6 17.O-O Be7 18.b4 O-O 19.Rfd1 Rfd8 20.a3 Bf8 21.Rac1 a5 22.Bg5 Re8
23.c5 bxc5 24.bxc5 Qa7 25.Be3 dxc5 26.d6 e4 27.fxe4 Rxe4 28.Bxc5 Qd7 29.Bf3 Re5
30.Qc3 Qe6 31.Bd4 Reb5 32.a4 Rb3 33.Qxa5 Rxf3 34.gxf3 Bxd6 35.Qe1 Qb3 36.Qe3 Qxa4
37.Qh6 f6 38.Bxf6 Bc5+ 39.Kh1 Kf7 40.Qg7+ Ke6 41.Re1+ Kd5 42.Re5+  1-0

[Event "56th ch-RUS"]
[Site "Krasnoyarsk RUS"]
[Date "2003.09.11"]
[Round "8"]
[White "Smirnov,P"]
[Black "Yandarbiev,R"]
[Result "1-0"]
[WhiteElo "2629"]
[BlackElo "2424"]

1.e4 c5 2.Nf3 d6 3.d4 cxd4 4.Nxd4 Nf6 5.Nc3 a6 6.Be3 e6 7.Be2 Nc6 8.O-O Be7
9.f4 Qc7 10.a4 O-O 11.Kh1 Re8 12.Bf3 Nxd4 13.Qxd4 e5 14.Qd2 exf4 15.Bxf4 Be6
16.Rfd1 Red8 17.a5 Rac8 18.Ra4 Rd7 19.Be3 Qb8 20.Nd5 Nxd5 21.exd5 Bf5 22.c3 Re8
23.h4 Bf6 24.Rf4 Rde7 25.Bd4 Bxd4 26.Qxd4 Bc2 27.Rd2 Bb1 28.Qb6 f5 29.Kh2 Be4
30.Rf2 Qc7 31.Qxc7 Rxc7 32.Re2 Re5 33.Bxe4 Rce7 34.c4 h5 35.Kg3 fxe4 36.Re3 Kh7
37.Kf2 g6 38.Ke2 Kg7 39.b4 g5 40.hxg5 Rxg5 41.Kf2 Rg4 42.Rxg4+ hxg4 43.Kg3 Kf6
44.Kf4  1-0

[Event "TCh-CRO"]
[Site "Rabac CRO"]
[Date "2003.09.14"]
[Round "8"]
[White "Kutuzovic,B"]
[Black "Teofilovic,V"]
[Result "1/2-1/2"]
[WhiteElo "2396"]
[BlackElo "2256"]

1.e4 c5 2.Nf3 d6 3.d4 cxd4 4.Nxd4 Nf6 5.Nc3 a6 6.Be3 e5 7.Nb3 Be6 8.f4 Qc7
9.f5 Bc4 10.g4 b5 11.g5 b4 12.Na4 Nfd7 13.Bxc4 Qxc4 14.Nd2 Qc6 15.c4 Be7
16.b3 Bd8 17.Qg4 Nb6 18.Nb2 N6d7 19.Na4 Nb6 20.Nb2 N6d7 21.Nd3 a5 22.O-O Bb6
23.Rae1 Bxe3+ 24.Rxe3 Qb6 25.Re1 Nc6 26.Nf2  1/2-1/2

[Event "TCh-CRO"]
[Site "Rabac CRO"]
[Date "2003.09.15"]
[Round "9"]
[White "Jelecevic,I"]
[Black "Zufic,M"]
[Result "0-1"]
[WhiteElo "2064"]
[BlackElo "2399"]

1.e4 c5 2.Nf3 d6 3.d4 cxd4 4.Nxd4 Nf6 5.Nc3 a6 6.Be3 e5 7.Nb3 Be6 8.f3 Be7
9.Qd2 O-O 10.g4 d5 11.exd5 Nxd5 12.Nxd5 Bxd5 13.Bg2 Bh4+ 14.Bf2 Bxb3 15.Qxd8 Bxf2+
16.Kxf2 Rxd8 17.cxb3 Rd2+ 18.Kg3 Nc6 19.Rhd1 Rad8 20.Rxd2 Rxd2 21.Bf1 Rxb2
22.g5 Nd4 23.Bd3 g6 24.Re1 Rd2 25.Bb1 Ne2+ 26.Kg4 Kg7 27.a4 f5+ 28.gxf6+ Kxf6
29.f4 Nxf4 30.Be4 Rxh2 31.Bxb7 Rh3  0-1